[Event "Paracin Summer op-A 12th"]
[Site "Paracin"]
[Date "2019.07.11"]
[Round "8"]
[White "Kolbert, Engelbert"]
[Black "Baterdene, Tsogbayar"]
[Result "1/2-1/2"]
[WhiteElo "2096"]
[BlackElo "2247"]
[PlyCount "45"]
[EventDate "2019.07.05"]
[EventType "swiss"]
[EventRounds "9"]
[EventCountry "SRB"]
[SourceTitle "EXT 2022"]
[Source "ChessBase"]
[SourceDate "2021.10.06"]
[SourceVersion "1"]
[SourceVersionDate "2021.10.06"]
[SourceQuality "1"]

1. e4 c5 2. Nf3 d6 3. d4 cxd4 4. Nxd4 Nf6 5. Nc3 a6 6. Be2 e6 7. 0-0 Qc7 8. f4 b5 9. a3 Bb7 10. Bf3 Be7 11. Kh1 Nbd7 12. g4 h6 13. Qe2 Qc4 14. Qf2 d5 15. exd5 Nxd5 16. Nxd5 Bxd5 17. b3 Bxf3+ 18. Qxf3 Qd5 19. Qxd5 exd5 20. Re1 Kf8 21. Bb2 Bf6 22. a4 b4 23. Rad1 1/2-1/2

[Event "Nis op"]
[Site "Nis"]
[Date "2019.07.04"]
[Round "9"]
[White "Djukic, Sandra"]
[Black "Baterdene, Tsogbayar"]
[Result "1/2-1/2"]
[WhiteElo "2153"]
[BlackElo "2247"]
[PlyCount "53"]
[EventDate "2019.06.25"]
[EventType "swiss"]
[EventRounds "9"]
[EventCountry "SRB"]
[SourceTitle "EXT 2020"]
[Source "ChessBase"]
[SourceDate "2019.10.17"]
[SourceVersion "1"]
[SourceVersionDate "2019.10.17"]
[SourceQuality "1"]

1. d4 Nf6 2. c4 d6 3. Nc3 g6 4. e4 Bg7 5. f4 0-0 6. Nf3 c5 7. d5 e6 8. Bd3 Re8 9. 0-0 exd5 10. cxd5 c4 11. Bc2 b5 12. e5 dxe5 13. fxe5 Qb6+ 14. Kh1 Nfd7 15. d6 Bb7 16. Nd5 Bxd5 17. Qxd5 Nc6 18. Bd2 Rad8 19. Ng5 Ndxe5 20. Rxf7 Kh8 21. Rd1 Qd4 22. Bc3 Qxd5 23. Rxd5 Nxf7 24. Nxf7+ Kg8 25. Nxd8 Bxc3 26. Rd1 Rxd8 27. bxc3 1/2-1/2

[Event "Harbin U20 op"]
[Site "Harbin"]
[Date "2018.01.28"]
[Round "9"]
[White "Wang, Jingyu"]
[Black "Baterdene, Tsogbayar"]
[Result "0-1"]
[WhiteElo "1528"]
[BlackElo "2318"]
[PlyCount "68"]
[EventDate "2018.01.24"]
[EventType "tourn"]
[EventRounds "9"]
[EventCountry "CHN"]
[SourceTitle "CBM 182 Extra"]
[Source "ChessBase"]
[SourceDate "2018.02.23"]
[SourceVersion "1"]
[SourceVersionDate "2018.02.23"]
[SourceQuality "1"]

1. e4 c5 2. Nf3 d6 3. d4 cxd4 4. Nxd4 Nf6 5. Nc3 a6 6. Be2 e5 7. Nb3 Be7 8. 0-0 0-0 9. Kh1 Be6 10. f4 b5 11. Bf3 Bc4 12. Rg1 Nbd7 13. f5 b4 14. Ne2 d5 15. Nd2 Nb6 16. Nxc4 Nxc4 17. Qd3 Bc5 18. Rf1 Nd6 19. Ng3 dxe4 20. Nxe4 Ndxe4 21. Bxe4 Nxe4 22. Qxe4 Qd4 23. Qf3 e4 24. Qg3 e3 25. f6 g6 26. Qg5 Rfe8 27. Re1 Rad8 28. h4 h5 29. Qg3 Re4 30. Re2 Rxh4+ 31. Kg1 Qd1+ 32. Re1 Qxe1+ 33. Qxe1 e2+ 34. Qf2 e1Q# 0-1

[Event "Harbin U20 op"]
[Site "Harbin"]
[Date "2018.01.27"]
[Round "7"]
[White "Baterdene, Tsogbayar"]
[Black "Agibileg, Uurtsaikh"]
[Result "0-1"]
[WhiteElo "2318"]
[BlackElo "2302"]
[PlyCount "64"]
[EventDate "2018.01.24"]
[EventType "tourn"]
[EventRounds "9"]
[EventCountry "CHN"]
[SourceTitle "CBM 182 Extra"]
[Source "ChessBase"]
[SourceDate "2018.02.23"]
[SourceVersion "1"]
[SourceVersionDate "2018.02.23"]
[SourceQuality "1"]

1. e4 c5 2. c3 Nf6 3. e5 Nd5 4. Nf3 e6 5. d4 cxd4 6. Nxd4 d6 7. exd6 Bxd6 8. Nd2 0-0 9. Nc4 Be7 10. Be2 a6 11. a4 Qc7 12. 0-0 b6 13. a5 Nd7 14. axb6 N7xb6 15. Na5 Bd6 16. h4 Bh2+ 17. Kh1 Bf4 18. Bf3 e5 19. Bxf4 Nxf4 20. Bxa8 Nxa8 21. Ndc6 Be6 22. Ra4 Nb6 23. Ra1 Bd5 24. f3 Bxc6 25. Nxc6 Qxc6 26. Rxa6 Qb5 27. Qa1 h6 28. b4 Nbd5 29. Ra5 Qc4 30. Rc5 Qe2 31. Rg1 e4 32. fxe4 Qg4 0-1

[Event "Harbin U20 op"]
[Site "Harbin"]
[Date "2018.01.24"]
[Round "2"]
[White "Chua, Jia Tien"]
[Black "Baterdene, Tsogbayar"]
[Result "0-1"]
[WhiteElo "1771"]
[BlackElo "2318"]
[PlyCount "100"]
[EventDate "2018.01.24"]
[EventType "tourn"]
[EventRounds "9"]
[EventCountry "CHN"]
[SourceTitle "CBM 182 Extra"]
[Source "ChessBase"]
[SourceDate "2018.02.23"]
[SourceVersion "1"]
[SourceVersionDate "2018.02.23"]
[SourceQuality "1"]

1. e4 c5 2. Nc3 Nc6 3. Nge2 d6 4. g3 Bg4 5. Bg2 Nd4 6. h3 Bf3 7. 0-0 Bxg2 8. Kxg2 Nf6 9. d3 e6 10. Be3 Nxe2 11. Qxe2 Be7 12. f4 0-0 13. Nd1 b5 14. Nf2 a5 15. c3 a4 16. Ng4 Nd7 17. f5 d5 18. f6 Nxf6 19. Nxf6+ Bxf6 20. Bxc5 Re8 21. e5 Be7 22. Bxe7 Qxe7 23. Qg4 a3 24. b3 Rac8 25. Rac1 Rc6 26. c4 bxc4 27. dxc4 dxc4 28. Rxc4 Rxc4 29. Qxc4 Qb7+ 30. Kf2 Rc8 31. Qd3 h5 32. Re1 h4 33. gxh4 Qb6+ 34. Qe3 Qb4 35. Qe4 Qc5+ 36. Qe3 Qe7 37. Qg5 Qb4 38. Qg4 Qc5+ 39. Kf3 Qc2 40. Re2 Qd3+ 41. Kg2 Rc2 42. Rf2 Qd5+ 43. Qf3 Rb2 44. h5 Kh7 45. Kg3 Qxe5+ 46. Qf4 Qxf4+ 47. Rxf4 f6 48. Ra4 Rxa2 49. b4 Rb2 50. Rxa3 Rxb4 0-1

[Event "Asia-ch U16"]
[Site "Ulaanbaatar"]
[Date "2016.04.13"]
[Round "8"]
[White "Iniyan, Panneerseluam"]
[Black "Baterdene, Tsogbayar"]
[Result "1-0"]
[WhiteElo "2315"]
[BlackElo "2383"]
[PlyCount "63"]
[EventDate "2016.04.06"]
[EventType "swiss"]
[EventRounds "9"]
[EventCountry "MGL"]
[SourceTitle "EXT 2017"]
[Source "ChessBase"]
[SourceDate "2016.10.25"]
[SourceVersion "1"]
[SourceVersionDate "2016.10.25"]
[SourceQuality "1"]

1. d4 d5 2. c4 c6 3. Nf3 Nf6 4. Nc3 dxc4 5. a4 Bf5 6. e3 e6 7. Bxc4 Bb4 8. 0-0 0-0 9. Qe2 Bg6 10. Ne5 Nbd7 11. Nxg6 hxg6 12. Rd1 Qa5 13. Bd2 e5 14. d5 cxd5 15. Nxd5 Nxd5 16. Bxd5 Nb6 17. Bxb4 Qxb4 18. Bxb7 Rad8 19. a5 Na4 20. Bd5 Qxb2 21. Bxf7+ Kh7 22. Qf3 Rxd1+ 23. Rxd1 Rxf7 24. Qxf7 Nc3 25. Rf1 Qb5 26. h3 Qxa5 27. Qb3 Ne2+ 28. Kh2 Qd2 29. Rd1 Qa5 30. Qc4 Nc3 31. Qh4+ Kg8 32. Rd8+ 1-0

[Event "Asia-ch U16"]
[Site "Ulaanbaatar"]
[Date "2016.04.07"]
[Round "2"]
[White "Fendereski, Nima"]
[Black "Baterdene, Tsogbayar"]
[Result "1/2-1/2"]
[WhiteElo "2187"]
[BlackElo "2383"]
[PlyCount "59"]
[EventDate "2016.04.06"]
[EventType "swiss"]
[EventRounds "9"]
[EventCountry "MGL"]
[SourceTitle "EXT 2017"]
[Source "ChessBase"]
[SourceDate "2016.10.25"]
[SourceVersion "1"]
[SourceVersionDate "2016.10.25"]
[SourceQuality "1"]

1. e4 c5 2. Nf3 d6 3. c3 Nd7 4. d4 e6 5. Bd3 Ngf6 6. 0-0 Be7 7. Re1 e5 8. dxe5 dxe5 9. Bg5 0-0 10. Bb5 a6 11. Bxd7 Nxd7 12. Be3 Qc7 13. c4 Nb6 14. b3 Bg4 15. h3 Rad8 16. Nbd2 Bh5 17. Qe2 Nd7 18. Rad1 Qc6 19. Nxe5 Nxe5 20. Qxh5 Nd3 21. Rf1 Nb4 22. Qe2 Nxa2 23. Nb1 Nb4 24. Nc3 Qe6 25. Qf3 Nc6 26. Nd5 Bd6 27. Qg4 f5 28. exf5 Rxf5 29. Rfe1 Qf7 30. Rd2 1/2-1/2

[Event "World ol U16"]
[Site "Ulaanbaatar"]
[Date "2015.08.25"]
[Round "7.1"]
[White "Baterdene, Tsogbayar"]
[Black "Li, Di"]
[Result "0-1"]
[WhiteElo "2389"]
[BlackElo "2384"]
[PlyCount "80"]
[EventDate "2015.08.20"]
[EventType "team-swiss"]
[EventRounds "9"]
[EventCountry "MGL"]
[SourceTitle "EXT 2016"]
[Source "ChessBase"]
[SourceDate "2015.10.08"]
[SourceVersion "1"]
[SourceVersionDate "2015.10.08"]
[SourceQuality "1"]
[WhiteTeam "Mongolia A"]
[BlackTeam "China"]
[WhiteTeamCountry "MGL"]
[BlackTeamCountry "CHN"]

1. e4 c5 2. Nf3 Nc6 3. d3 g6 4. g3 Bg7 5. Bg2 e5 6. 0-0 Nge7 7. c3 0-0 8. Nbd2 d5 9. Re1 d4 10. Qc2 h6 11. a3 Be6 12. Rb1 Ba2 13. Ra1 Be6 14. Rb1 Rc8 15. c4 a6 16. Nf1 Qd7 17. Bd2 Rb8 18. h4 b6 19. b3 Nc8 20. N3h2 Nd6 21. Bc1 Rbc8 22. Qd1 h5 23. Rb2 b5 24. f4 a5 25. cxb5 Nxb5 26. Nf3 Nc3 27. Qc2 a4 28. bxa4 c4 29. Ng5 Bg4 30. Kh1 Na5 31. Rb4 Ne2 32. dxc4 d3 33. Qb1 exf4 34. Bd2 Nxc4 35. gxf4 Nxd2 36. Nxd2 Nxf4 37. Rb7 Qd4 38. Rf1 Qe3 39. Ndf3 Nxg2 40. Kxg2 Rc2+ 0-1

[Event "World ol U16"]
[Site "Ulaanbaatar"]
[Date "2015.08.22"]
[Round "4.1"]
[White "Vokhidov, Shamsiddin"]
[Black "Baterdene, Tsogbayar"]
[Result "1/2-1/2"]
[WhiteElo "2367"]
[BlackElo "2389"]
[PlyCount "109"]
[EventDate "2015.08.20"]
[EventType "team-swiss"]
[EventRounds "9"]
[EventCountry "MGL"]
[SourceTitle "EXT 2016"]
[Source "ChessBase"]
[SourceDate "2015.10.08"]
[SourceVersion "1"]
[SourceVersionDate "2015.10.08"]
[SourceQuality "1"]
[WhiteTeam "Uzbekistan"]
[BlackTeam "Mongolia A"]
[WhiteTeamCountry "UZB"]
[BlackTeamCountry "MGL"]

1. e4 c5 2. Nf3 d6 3. d4 cxd4 4. Nxd4 Nf6 5. Nc3 a6 6. Qf3 g6 7. h3 Bg7 8. Be3 0-0 9. 0-0-0 Nbd7 10. g4 Ne5 11. Qg2 Bd7 12. f4 Nc6 13. e5 Ne8 14. Nb3 Rb8 15. Nd5 b5 16. exd6 Nxd6 17. Bc5 Nc4 18. c3 Re8 19. Nd2 Qa5 20. Kb1 e6 21. Nb3 Qa4 22. Ne3 Bc8 23. Qe2 Nxe3 24. Qxe3 Na5 25. Bg2 Bb7 26. Bxb7 Rxb7 27. Qf3 Rbb8 28. Nxa5 Qxa5 29. Bb4 Qc7 30. Bd6 Qb7 31. Rhf1 Qxf3 32. Rxf3 Rbc8 33. Rfd3 e5 34. fxe5 Bxe5 35. Bb4 Bc7 36. Rd7 Rcd8 37. g5 Rxd7 38. Rxd7 Bf4 39. Be7 h6 40. h4 h5 41. Bf6 Bg3 42. Rd4 Kf8 43. a4 Be5 44. Bxe5 Rxe5 45. Kc2 Ke7 46. Kd3 Ke6 47. a5 Rf5 48. Ke3 Re5+ 49. Re4 Kf5 50. Rxe5+ Kxe5 51. Kf3 f6 52. gxf6 Kxf6 53. b4 g5 54. hxg5+ Kxg5 55. Kg3 1/2-1/2

[Event "Moscow Aeroflot op-B 14th"]
[Site "Moscow"]
[Date "2015.03.29"]
[Round "3"]
[White "Baterdene, Tsogbayar"]
[Black "Hayrapetyan, Hovik"]
[Result "0-1"]
[WhiteElo "2196"]
[BlackElo "2465"]
[PlyCount "102"]
[EventDate "2015.03.27"]
[EventType "swiss"]
[EventRounds "9"]
[EventCountry "RUS"]
[SourceTitle "CBM 165 Extra"]
[Source "ChessBase"]
[SourceDate "2015.04.21"]
[SourceVersion "1"]
[SourceVersionDate "2015.04.21"]
[SourceQuality "1"]

1. e4 g6 2. d4 Bg7 3. Nc3 d6 4. Nf3 a6 5. Be2 Nd7 6. 0-0 b5 7. a4 b4 8. Nd5 a5 9. c3 Bb7 10. cxb4 e6 11. Nf4 Bxe4 12. bxa5 Nh6 13. d5 exd5 14. Nd4 Qf6 15. Nb5 c6 16. Nc7+ Ke7 17. f3 Qd4+ 18. Kh1 Qxd1 19. Rxd1 Rac8 20. fxe4 Rxc7 21. exd5 c5 22. Ra3 Ra8 23. Re3+ Kf8 24. Rh3 Rxa5 25. b3 Nf5 26. Rxh7 Nd4 27. Rh3 g5 28. Nh5 Nxe2 29. Nxg7 Kxg7 30. Bxg5 Ne5 31. Bd8 Raa7 32. Bxc7 Rxc7 33. Re3 Nd4 34. h3 Rb7 35. Rb1 f5 36. g3 c4 37. b4 Nc2 38. Rc3 Nxb4 39. a5 Rb8 40. Ra3 Kf6 41. g4 Ned3 42. a6 Nxa6 43. Rf1 Nac5 44. Rxf5+ Kg6 45. h4 Ne4 46. h5+ Kh6 47. Rf7 c3 48. Rc7 Ndc5 49. Ra1 c2 50. Kg2 Rb1 51. g5+ Kxg5 0-1

[Event "Moscow op-A"]
[Site "Moscow"]
[Date "2015.02.05"]
[Round "6"]
[White "Rozanov, Pavel B"]
[Black "Baterdene, Tsogbayar"]
[Result "0-1"]
[WhiteElo "2241"]
[BlackElo "1977"]
[PlyCount "56"]
[EventDate "2015.01.31"]
[EventType "swiss"]
[EventRounds "9"]
[EventCountry "RUS"]
[SourceTitle "CBM 164 Extra"]
[Source "ChessBase"]
[SourceDate "2015.03.02"]
[SourceVersion "1"]
[SourceVersionDate "2015.03.02"]
[SourceQuality "1"]

1. c4 c5 2. b3 d6 3. Bb2 e5 4. e3 g6 5. g3 Bg7 6. Bg2 Nc6 7. Ne2 Nge7 8. 0-0 0-0 9. Nbc3 Be6 10. Nd5 Bxd5 11. cxd5 Nb4 12. e4 Nd3 13. Qc2 Nxb2 14. Qxb2 f5 15. f3 b5 16. Kh1 Bh6 17. b4 c4 18. a4 bxa4 19. Rxa4 Qb6 20. Qc3 fxe4 21. fxe4 Rf2 22. Ng1 Bxd2 23. Qxc4 Rc8 24. Qb3 Rc3 25. Qb1 Rxf1 26. Bxf1 Rc1 27. Qd3 Qf2 28. Qf3 Qxf1 0-1

[Event "Moscow op-A"]
[Site "Moscow"]
[Date "2015.01.31"]
[Round "1"]
[White "Baterdene, Tsogbayar"]
[Black "Savenkov, Konstantin"]
[Result "0-1"]
[WhiteElo "1977"]
[BlackElo "2363"]
[PlyCount "64"]
[EventDate "2015.01.31"]
[EventType "swiss"]
[EventRounds "9"]
[EventCountry "RUS"]
[SourceTitle "CBM 164 Extra"]
[Source "ChessBase"]
[SourceDate "2015.03.02"]
[SourceVersion "1"]
[SourceVersionDate "2015.03.02"]
[SourceQuality "1"]

1. e4 e6 2. d4 d5 3. Nd2 Nf6 4. e5 Nfd7 5. Bd3 c5 6. c3 Nc6 7. Ne2 cxd4 8. cxd4 f6 9. exf6 Qxf6 10. Nf3 h6 11. 0-0 Bd6 12. Nc3 0-0 13. Be3 a6 14. Rc1 Rd8 15. g3 Nf8 16. Ne1 Bd7 17. Bb1 Be8 18. f4 Bg6 19. f5 exf5 20. Qf3 Nxd4 21. Qxd5+ Nfe6 22. Qxb7 Bc5 23. Ng2 Ra7 24. Ne4 Rxb7 25. Nxf6+ gxf6 26. Kh1 Rxb2 27. Rfd1 Bb6 28. g4 Be8 29. Bxf5 Nxf5 30. Bxb6 Rxd1+ 31. Rxd1 Bc6 32. gxf5 Nf4 0-1

[Event "London Golders Green op U2200 5th"]
[Site "London"]
[Date "2015.01.17"]
[Round "1"]
[White "Baterdene, Tsogbayar"]
[Black "Lane, Peter Christopher"]
[Result "1-0"]
[WhiteElo "1977"]
[BlackElo "2082"]
[PlyCount "117"]
[EventDate "2015.01.17"]
[EventType "swiss"]
[EventRounds "5"]
[EventCountry "ENG"]
[SourceTitle "EXT 2018"]
[Source "ChessBase"]
[SourceDate "2017.10.13"]
[SourceVersion "1"]
[SourceVersionDate "2017.10.13"]
[SourceQuality "1"]

1. e4 e6 2. d4 d5 3. Nd2 Nf6 4. e5 Nfd7 5. Bd3 c5 6. c3 Nc6 7. Ne2 cxd4 8. cxd4 f6 9. exf6 Nxf6 10. 0-0 Bd6 11. Nf3 Qc7 12. Bg5 0-0 13. Nc3 a6 14. Bh4 Nh5 15. Bg3 Nxg3 16. hxg3 g6 17. Rc1 Qg7 18. Bb1 Bd7 19. Na4 Rae8 20. Nc5 Bc8 21. a3 g5 22. Nb3 g4 23. Nh2 h5 24. Qd3 Rf6 25. Rc3 Ref8 26. Qe3 e5 27. dxe5 Bxe5 28. Rc5 Rd6 29. Qd2 Nd4 30. Ba2 Be6 31. Rd1 Rb6 32. Nxd4 Bxd4 33. Qxd4 Qxd4 34. Rxd4 Rxb2 35. Bxd5 Bxd5 36. Rdxd5 Rfxf2 37. Rg5+ Kf7 38. Rgf5+ Rxf5 39. Rxf5+ Kg6 40. Ra5 Rb3 41. Nf1 Rb1 42. Kf2 Rb2+ 43. Kg1 Rb1 44. Ra4 Ra1 45. Rb4 b5 46. Rb3 Kh6 47. Rd3 a5 48. Rd6+ Kg7 49. Rd5 b4 50. axb4 axb4 51. Rxh5 Kg6 52. Rb5 Rb1 53. Kf2 Rb2+ 54. Ke1 Rxg2 55. Rxb4 Kg5 56. Re4 Kf5 57. Rf4+ Kg5 58. Rf2 Rg1 59. Rh2 1-0

[Event "World ol U16"]
[Site "Gyor"]
[Date "2014.12.19"]
[Round "8.3"]
[White "Zarubitski, Viachaslau"]
[Black "Baterdene, Tsogbayar"]
[Result "1-0"]
[WhiteElo "2219"]
[BlackElo "1981"]
[PlyCount "103"]
[EventDate "2014.12.13"]
[EventType "team-swiss"]
[EventRounds "10"]
[EventCountry "HUN"]
[SourceTitle "EXT 2016"]
[Source "ChessBase"]
[SourceDate "2015.10.08"]
[SourceVersion "1"]
[SourceVersionDate "2015.10.08"]
[SourceQuality "1"]
[WhiteTeam "Belarus"]
[BlackTeam "Mongolia"]
[WhiteTeamCountry "BLR"]
[BlackTeamCountry "MGL"]

1. Nf3 d5 2. b3 Nf6 3. Bb2 c6 4. e3 Bf5 5. Be2 h6 6. 0-0 e6 7. d4 Nbd7 8. Nbd2 Bd6 9. Ne5 Qc7 10. Ndf3 0-0 11. c4 Ne4 12. Nxd7 Qxd7 13. Ne5 Qc7 14. f3 Nf6 15. Qc1 Rfc8 16. Qe1 Bxe5 17. dxe5 Nd7 18. g4 Bh7 19. Qg3 f6 20. exf6 Qxg3+ 21. hxg3 Nxf6 22. Kg2 a5 23. Rh1 Kf7 24. g5 Ng8 25. Rh4 Bg6 26. gxh6 Nxh6 27. e4 a4 28. b4 b5 29. c5 Rd8 30. Kf2 Kg8 31. Ke3 e5 32. a3 Ra7 33. Rhh1 Rad7 34. Rad1 Nf7 35. exd5 Rxd5 36. Rxd5 Rxd5 37. Rd1 Rxd1 38. Bxd1 Bf5 39. g4 Be6 40. Ke4 Bd5+ 41. Kf5 Bb3 42. Bxb3 axb3 43. Ke6 Ng5+ 44. Kxe5 Nxf3+ 45. Kd6 Nd2 46. Kxc6 Nc4 47. Kxb5 Nxb2 48. c6 Kh7 49. c7 Nc4 50. Kxc4 b2 51. c8Q b1Q 52. Qf5+ 1-0

[Event "World ol U16"]
[Site "Gyor"]
[Date "2014.12.14"]
[Round "3.4"]
[White "Sucikova, Svetlana"]
[Black "Baterdene, Tsogbayar"]
[Result "1/2-1/2"]
[WhiteElo "1985"]
[BlackElo "1981"]
[PlyCount "157"]
[EventDate "2014.12.13"]
[EventType "team-swiss"]
[EventRounds "10"]
[EventCountry "HUN"]
[SourceTitle "EXT 2016"]
[Source "ChessBase"]
[SourceDate "2015.10.08"]
[SourceVersion "1"]
[SourceVersionDate "2015.10.08"]
[SourceQuality "1"]
[WhiteTeam "Slovakia"]
[BlackTeam "Mongolia"]
[WhiteTeamCountry "SVK"]
[BlackTeamCountry "MGL"]

1. c4 c5 2. Nc3 Nf6 3. Nf3 b6 4. e3 Bb7 5. Be2 g6 6. 0-0 Bg7 7. d4 cxd4 8. Nxd4 0-0 9. Bf3 Nc6 10. b3 Qc7 11. Ndb5 Qc8 12. Bb2 a6 13. Na3 d6 14. Rc1 Ne5 15. Bxb7 Qxb7 16. Qe2 Rac8 17. Rfd1 Rfd8 18. Nc2 Ned7 19. Nb4 Nc5 20. f3 Rb8 21. Ncd5 Nxd5 22. cxd5 Bxb2 23. Qxb2 Rbc8 24. Qf2 a5 25. Nc6 Re8 26. Qg3 e6 27. Qxd6 exd5 28. Nxa5 Qa6 29. b4 Rcd8 30. Qc6 Nd3 31. b5 Qxa5 32. Rxd3 Rc8 33. Qxc8 Rxc8 34. Rxc8+ Kg7 35. Rd1 Qxb5 36. Rc2 Qa4 37. Rcd2 b5 38. Rb1 Qc4 39. Kf2 Qc3 40. Rbb2 Qc5 41. Rd4 b4 42. Rdxb4 Qc3 43. R4b3 Qc7 44. g3 Qc1 45. Kg2 Qd1 46. a4 Qa1 47. Rb4 Qa3 48. e4 d4 49. Rb8 Qxa4 50. Rd2 Qc4 51. Rd8 h5 52. R8xd4 Qc3 53. R4d3 Qc4 54. Rd4 Qc3 55. e5 Qe3 56. Rd5 g5 57. e6 fxe6 58. R5d3 Qe1 59. Rd4 Kf6 60. Rf2 Qe3 61. Re4 Qd3 62. Rfe2 Qd5 63. Rxe6+ Qxe6 64. Rxe6+ Kxe6 65. Kf2 Kf6 66. Ke3 Kf5 67. Kd4 h4 68. gxh4 g4 69. Ke3 gxf3 70. Kxf3 Kg6 71. Kg4 Kh6 72. h3 Kg6 73. h5+ Kh6 74. Kh4 Kh7 75. Kg5 Kg7 76. h6+ Kh8 77. Kg6 Kg8 78. h7+ Kh8 79. h4 1/2-1/2